: فکرِ اسلامی کی تشکیلِ نَو (Record no. 109256)
[ view plain ]
| 000 -LEADER | |
|---|---|
| fixed length control field | 00828nam a22002537a 4500 |
| 005 - DATE AND TIME OF LATEST TRANSACTION | |
| control field | 20170123162351.0 |
| 010 ## - LIBRARY OF CONGRESS CONTROL NUMBER | |
| LC control number | A-562217 |
| 020 ## - INTERNATIONAL STANDARD BOOK NUMBER | |
| Terms of availability | 25.00 |
| 035 ## - SYSTEM CONTROL NUMBER | |
| System control number | A-562217 |
| 037 ## - SOURCE OF ACQUISITION | |
| Source of stock number/acquisition | Cen Lib/Ret |
| 040 ## - CATALOGING SOURCE | |
| Original cataloging agency | DPL |
| Language of cataloging | UR |
| 082 ## - DEWEY DECIMAL CLASSIFICATION NUMBER | |
| Classification number | 270.826 |
| Item number | ا ج س |
| 100 ## - MAIN ENTRY--PERSONAL NAME | |
| Personal name | خاں،احسان الله |
| 9 (RLIN) | 108487 |
| 245 ## - TITLE STATEMENT | |
| Title | : فکرِ اسلامی کی تشکیلِ نَو |
| Statement of responsibility, etc | احسان الله خاں |
| Remainder of title | / |
| 246 ## - VARYING FORM OF TITLE | |
| Title proper/short title | Fikr-e-islam ki tashkil-e-nao: aalmi seminar / |
| Remainder of title | by Aehsanullaha Khan |
| 260 ## - PUBLICATION, DISTRIBUTION, ETC. (IMPRINT) | |
| Place of publication, distribution, etc | نی دہلی |
| Name of publisher, distributor, etc | بیتالحکمه ڈرسٹ |
| Date of publication, distribution, etc | 1990 |
| 270 ## - ADDRESS | |
| Address | ذاکر باغ |
| City | نی دہلی |
| 300 ## - PHYSICAL DESCRIPTION | |
| Extent | 148p. |
| Dimensions | 20cm(Hb) |
| 650 ## - SUBJECT ADDED ENTRY--TOPICAL TERM | |
| Topical term or geographic name as entry element | مذہب |
| Form subdivision | |
| 9 (RLIN) | 136597 |
| 650 ## - SUBJECT ADDED ENTRY--TOPICAL TERM | |
| Topical term or geographic name as entry element | اسلام |
| 9 (RLIN) | 136598 |
| 650 ## - SUBJECT ADDED ENTRY--TOPICAL TERM | |
| Topical term or geographic name as entry element | Religion |
| 9 (RLIN) | 136599 |
| 650 ## - SUBJECT ADDED ENTRY--TOPICAL TERM | |
| Topical term or geographic name as entry element | Islam |
| 9 (RLIN) | 5289 |
| 942 ## - ADDED ENTRY ELEMENTS (KOHA) | |
| Source of classification or shelving scheme | Dewey Decimal Classification |
| Koha item type | Urdu Bks |
| Classification part | 270.826 |
| Call number suffix | ا ج س |
| Withdrawn status | Lost status | Damaged status | Not for loan | Home library | Current library | Date acquired | Source of acquisition | Cost, normal purchase price | Total Checkouts | Full call number | Barcode | Date last seen | Copy number | Cost, replacement price | Price effective from | Koha item type |
|---|---|---|---|---|---|---|---|---|---|---|---|---|---|---|---|---|
| Central Library | Central Library | 01/03/2016 | Cen Lib/Ref | 25.00 | 270.826 ا ج س | A-562217 | 01/03/2016 | 1 | 25.00 | 01/03/2016 | Urdu Bks |
